[Event "World Rapid 2019"]
[Site "Moscow RUS"]
[Date "2019.12.28"]
[Round "13.100"]
[White "Al Thebaiti, Ahmed M"]
[Black "Tengis, Tsog-Ochir"]
[Result "0-1"]
[WhiteTitle "CM"]
[BlackTitle "FM"]
[WhiteElo "1976"]
[BlackElo "2190"]
[WhiteFideId "21502390"]
[BlackFideId "4902718"]
[EventDate "2019.12.26"]

1. d4 Nf6 2. Bf4 g6 3. e3 Bg7 4. Nc3 O-O 5. h4 c5 6. dxc5 Qa5 7. Qd2 Qxc5 8. Nf3
Nc6 9. e4 d6 10. Be3 Qa5 11. h5 Nxh5 12. Bh6 Bxc3 13. bxc3 Rd8 14. Bd3 Bg4 15.
Ng5 d5 16. e5 Nxe5 17. f3 d4 18. fxg4 dxc3 19. Qf2 Nf6 20. Kf1 Nexg4 21. Qh4 Rd5
22. Nxh7 Rh5 23. Nxf6+ Nxf6 24. Qxh5 Nxh5 25. Be3 Rd8 26. Kf2 Rxd3 27. cxd3 Qf5+ 0-1

[Event "World Rapid 2019"]
[Site "Moscow RUS"]
[Date "2019.12.28"]
[Round "13.101"]
[White "Al Mutairi, Hassan S"]
[Black "Lam, Daniel King Wai"]
[Result "0-1"]
[WhiteTitle "CM"]
[BlackTitle "FM"]
[WhiteElo "1883"]
[BlackElo "2110"]
[WhiteFideId "21500193"]
[BlackFideId "6001238"]
[EventDate "2019.12.26"]

1. e4 e6 2. d4 d5 3. Nc3 Nf6 4. Bg5 dxe4 5. Nxe4 Nbd7 6. Nf3 h6 7. Nxf6+ Nxf6 8.
Bf4 c5 9. Be2 Qb6 10. O-O cxd4 11. Be5 Be7 12. Bxd4 Qc7 13. Be5 Qb6 14. Bd4 Qd8
15. Qd2 O-O 16. Rad1 b6 17. Qf4 Qe8 18. c4 Bb7 19. Qc7 Be4 20. Rfe1 Bd8 21. Qf4
Bb7 22. b3 Qc6 23. Bf1 Be7 24. Ne5 Qc7 25. Bb2 Rad8 26. Qc1 Rxd1 27. Rxd1 Bd6
28. Qc3 Ne4 29. Qd4 Bc5 30. Qd7 Qxd7 31. Rxd7 Bxf2+ 32. Kh1 Ba8 33. Nd3 Be3 34.
Rxa7 b5 35. Rc7 bxc4 36. bxc4 Bb6 37. Re7 Rd8 38. Be2 Bc6 39. Ba3 Rxd3 40. Bxd3
Nf2+ 41. Kg1 Nxd3+ 42. Kf1 Nf4 43. g3 Ng6 44. c5 Nxe7 45. cxb6 Nd5 46. Bc5 Nc3
47. a3 Na4 48. Bd4 f6 49. Ke2 e5 50. Bf2 Kf7 51. Kd3 Ke6 52. Kc4 Kd7 53. Kb4 Kc8
54. Ka5 Kb7 55. Be1 f5 56. h4 Nxb6 57. Bc3 Nd7 58. Kb4 Bd5 59. a4 Kc6 60. a5 Kd6
61. Kb5 g5 62. Bd2 gxh4 63. gxh4 h5 64. a6 e4 65. Bf4+ Ke6 66. a7 Ne5 67. Kb6
Ng6 68. Bd2 Nxh4 69. Kc7 Nf3 70. Be3 h4 71. Kb8 h3 72. Bf4 h2 0-1

[Event "World Rapid 2019"]
[Site "Moscow RUS"]
[Date "2019.12.28"]
[Round "13.102"]
[White "Miranda Neto, Jayme Amorim"]
[Black "Al Ghamdi, Ahmed M"]
[Result "0-1"]
[WhiteTitle "CM"]
[BlackTitle "CM"]
[WhiteElo "2102"]
[BlackElo "2107"]
[WhiteFideId "2115964"]
[BlackFideId "21500150"]
[EventDate "2019.12.26"]

1. d4 Nf6 2. Nf3 g6 3. g3 Bg7 4. Bg2 d6 5. O-O O-O 6. Nbd2 Nbd7 7. e4 e5 8. c3
Re8 9. Qc2 c6 10. Nc4 Nb6 11. Nxd6 Qxd6 12. dxe5 Rxe5 13. Bf4 Nh5 14. Rad1 Qe7
15. Nxe5 Bxe5 16. Bxe5 Qxe5 17. Rd8+ Kg7 18. Qd3 Nf6 19. Qd4 Qe7 20. Rd6 Nd5 21.
e5 Ne8 22. c4 Nxd6 23. cxd5 Nf5 24. Qc3 cxd5 25. e6+ Qf6 26. exf7 Qxc3 27. bxc3
Be6 28. Rb1 b6 29. c4 Rd8 30. cxd5 Bxd5 31. Rd1 Ne7 32. Bf1 Kxf7 33. a3 Rc8 0-1

[Event "World Rapid 2019"]
[Site "Moscow RUS"]
[Date "2019.12.28"]
[Round "14.4"]
[White "Giri, Anish"]
[Black "Korobov, Anton"]
[Result "1/2-1/2"]
[WhiteTitle "GM"]
[BlackTitle "GM"]
[WhiteElo "2769"]
[BlackElo "2668"]
[WhiteFideId "24116068"]
[BlackFideId "14105730"]
[EventDate "2019.12.26"]

1. e4 c5 2. Nf3 d6 3. d4 cxd4 4. Nxd4 Nf6 5. Nc3 a6 6. Bg5 e6 7. f4 Qb6 8. Qd2
Qxb2 9. Rb1 Qa3 10. f5 Nc6 11. fxe6 fxe6 12. Nxc6 bxc6 13. Be2 Be7 14. e5 dxe5
15. Bxf6 Bxf6 16. Bh5+ Ke7 17. Rd1 e4 18. Nxe4 Ra7 19. O-O Rd7 20. Qf2 Rf8 21.
Kh1 Qb4 22. Rde1 Rd5 23. c3 Qb8 24. Bg4 h5 25. Bf3 Re5 26. c4 Bd7 27. Rb1 Qc7
28. Qg3 h4 29. Qg4 1/2-1/2

[Event "World Rapid 2019"]
[Site "Moscow RUS"]
[Date "2019.12.28"]
[Round "14.6"]
[White "Anton Guijarro, David"]
[Black "Aronian, Levon"]
[Result "1/2-1/2"]
[WhiteTitle "GM"]
[BlackTitle "GM"]
[WhiteElo "2685"]
[BlackElo "2775"]
[WhiteFideId "2285525"]
[BlackFideId "13300474"]
[EventDate "2019.12.26"]

1. Nf3 d5 2. b3 Bg4 3. Bb2 e6 4. g3 Nd7 5. Bg2 Ngf6 6. O-O Be7 7. h3 Bh5 8. d3
O-O 9. g4 Bg6 10. Nh4 Ne8 11. Nxg6 hxg6 12. c4 c6 13. cxd5 exd5 14. Nd2 Nc7 15.
e3 Re8 16. Nf3 a5 17. a3 Ne6 18. Bc3 Bd6 19. b4 axb4 20. axb4 Qb6 21. Qd2 Nc7
22. Nd4 Nb5 23. Nxb5 Qxb5 24. Rfd1 Nb6 25. Bf1 d4 26. Bxd4 Bxb4 27. Qc2 Na4 28.
Rab1 Qa5 29. Qc4 c5 30. Ba1 b5 31. Qb3 Rec8 32. d4 Bc3 33. Bxb5 cxd4 34. exd4
Nb6 35. Bf1 Rab8 36. Bxc3 Rxc3 37. Qb4 Qxb4 38. Rxb4 Rcc8 39. Rdb1 Nd7 40. Rxb8
Nxb8 41. Rb7 Nc6 42. d5 Nd4 43. Kg2 Kf8 44. Rb4 Nc2 45. Re4 Rc5 46. Bd3 f5 47.
Re6 Nb4 48. Bf1 Nxd5 49. Ra6 Rc3 50. gxf5 gxf5 51. Ra7 Nf4+ 52. Kh2 Rf3 53. Kg1
g6 54. Ra4 Nxh3+ 55. Bxh3 Rxh3 56. Kg2 Rc3 57. f4 Kg7 58. Ra8 Re3 59. Kf2 Rd3
60. Rb8 Rd6 61. Kg3 Kf6 62. Re8 Kf7 63. Ra8 Rd3+ 64. Kf2 Rd6 65. Kg3 Ke6 66.
Re8+ Kd7 67. Re5 Rd3+ 68. Kf2 Rh3 69. Ra5 Ke6 70. Ra6+ Kf7 71. Ra7+ Kf6 72. Ra6+
Kg7 73. Ra8 Rb3 74. Kg2 1/2-1/2

[Event "World Rapid 2019"]
[Site "Moscow RUS"]
[Date "2019.12.28"]
[Round "14.10"]
[White "Mamedov, Rauf"]
[Black "Andreikin, Dmitry"]
[Result "1/2-1/2"]
[WhiteTitle "GM"]
[BlackTitle "GM"]
[WhiteElo "2659"]
[BlackElo "2724"]
[WhiteFideId "13401653"]
[BlackFideId "4158814"]
[EventDate "2019.12.26"]

1. e4 e6 2. d4 d5 3. Nd2 c5 4. Ngf3 cxd4 5. exd5 Qxd5 6. Bc4 Qd6 7. O-O Nf6 8.
Nb3 Nc6 9. Nbxd4 Nxd4 10. Nxd4 Be7 11. c3 O-O 12. Qf3 Qc7 13. Bd3 Bd7 14. Re1
Rfd8 15. Bg5 Qc5 16. Qg3 Nh5 17. Bxe7 Qxe7 18. Qf3 Qg5 19. g3 Rab8 20. h4 Qh6
21. Re5 g6 22. Rae1 Bc6 23. Nxc6 bxc6 24. R5e2 Qf8 25. b3 Ng7 26. Be4 c5 1/2-1/2

[Event "World Rapid 2019"]
[Site "Moscow RUS"]
[Date "2019.12.28"]
[Round "14.12"]
[White "Shimanov, Aleksandr"]
[Black "Fedoseev, Vladimir3"]
[Result "1/2-1/2"]
[WhiteTitle "GM"]
[BlackTitle "GM"]
[WhiteElo "2587"]
[BlackElo "2677"]
[WhiteFideId "4198603"]
[BlackFideId "24130737"]
[EventDate "2019.12.26"]

1. Nf3 d5 2. e3 c5 3. d4 cxd4 4. exd4 Nf6 5. c3 Bf5 6. Bf4 Nc6 7. Nbd2 e6 8. Qb3
Bd6 9. Qxb7 Bxf4 10. Qxc6+ Kf8 11. g3 Bd6 12. Be2 Rb8 13. Nb3 h5 14. Ne5 g5 15.
h4 g4 16. O-O Kg7 17. Bd3 Bxd3 18. Nxd3 Rb6 19. Qa4 Qc7 20. Kg2 Ne4 21. Ndc5
Nxc5 22. dxc5 Bxc5 23. Nxc5 Qxc5 24. Qxa7 Rhb8 25. Rac1 R8b7 26. Qa4 Rxb2 27.
Qf4 f6 28. a4 Kg6 29. Ra1 Rc2 30. a5 Qxc3 31. a6 Ra7 32. Qb8 Qc7 33. Qg8+ Kf5
34. Qe8 Qh7 35. Ra4 e5 36. Rd1 d4 37. Rdxd4 Qf7 38. Qxf7 Rxf7 39. Rd6 Ra7 40.
Rb4 Ra2 41. Rbb6 Rf7 42. Rdc6 Kg6 43. Rc8 Kf5 44. Ra8 Re7 45. Rc8 Re6 46. Rcc6
Rxc6 47. Rxc6 Ra1 48. Rb6 Kg6 49. Rc6 Kf7 50. Rb6 Kg6 51. Rc6 Kf5 52. Rb6 Ra5
53. Kf1 Ra2 54. Rc6 Kg6 55. Rb6 Kf7 56. Rc6 Kg7 57. Rb6 Kg6 58. Rc6 e4 59. Rb6
Kf5 60. Rb5+ Ke6 61. Rxh5 Rxa6 62. Ke2 Ra3 63. Rh8 f5 64. Re8+ Kf7 65. Rb8 Rf3
66. Rb7+ Kf6 67. Rb6+ Kf7 68. Rb7+ Kf6 1/2-1/2

[Event "World Rapid 2019"]
[Site "Moscow RUS"]
[Date "2019.12.28"]
[Round "14.14"]
[White "Yu, Yangyi"]
[Black "Sjugirov, Sanan"]
[Result "1-0"]
[WhiteTitle "GM"]
[BlackTitle "GM"]
[WhiteElo "2738"]
[BlackElo "2665"]
[WhiteFideId "8603820"]
[BlackFideId "4189302"]
[EventDate "2019.12.26"]

1. e4 c5 2. Nf3 d6 3. d4 cxd4 4. Nxd4 Nf6 5. Nc3 a6 6. a4 e5 7. Nf3 Be7 8. Bc4
Be6 9. Qe2 Nbd7 10. O-O Rc8 11. Ba2 Qc7 12. Rd1 Bc4 13. Bxc4 Qxc4 14. Qxc4 Rxc4
15. Nd2 Rc6 16. a5 Nc5 17. f3 Ne6 18. Nb3 Rc4 19. Be3 Kd7 20. Rd2 Rd8 21. Na4
Ke8 22. Nb6 Rc6 23. c3 Nd7 24. Nd5 Rc4 25. Rd3 g6 26. Nd2 Rc6 27. c4 f5 28. b4
Bg5 29. Bxg5 Nxg5 30. exf5 gxf5 31. Ne3 Kf7 32. Nxf5 Ke6 33. Ne3 Nf6 34. Re1 Nf7
35. Nd5 Rcc8 36. Nb6 Rc7 37. Ne4 Nxe4 38. Rxe4 Rg8 39. Kf2 Ng5 40. Rh4 Rg6 41.
Re3 Rcg7 42. g3 Nf7 43. Rh5 Ke7 44. Nd5+ Kd7 45. Rf5 Ke6 46. g4 Rh6 47. Kg3 Kd7
48. h4 Nd8 49. g5 Rhg6 50. f4 Ne6 51. fxe5 Nd4 52. Rf6 dxe5 53. Rxe5 h6 54. Nb6+
Kc7 55. Rc5+ Nc6 56. Rxg6 Rxg6 57. b5 axb5 58. cxb5 hxg5 59. hxg5 1-0

[Event "World Rapid 2019"]
[Site "Moscow RUS"]
[Date "2019.12.28"]
[Round "14.15"]
[White "Cheparinov, Ivan"]
[Black "Le, Quang Liem"]
[Result "1/2-1/2"]
[WhiteTitle "GM"]
[BlackTitle "GM"]
[WhiteElo "2687"]
[BlackElo "2713"]
[WhiteFideId "2905540"]
[BlackFideId "12401137"]
[EventDate "2019.12.26"]

1. d4 d5 2. Nf3 Nf6 3. c4 dxc4 4. e3 e6 5. Bxc4 c5 6. O-O a6 7. Re1 Nc6 8. Nc3
b5 9. Bd3 Bb7 10. a4 c4 11. axb5 axb5 12. Rxa8 Bxa8 13. Bc2 Bb4 14. e4 Ne7 15.
d5 exd5 16. e5 Ne4 17. Nxe4 dxe4 18. Qxd8+ Kxd8 19. Rd1+ Kc7 20. Ng5 Ng6 21. e6
fxe6 22. Nxe6+ Kc8 23. Nd4 Rd8 24. Nxb5 Rxd1+ 25. Bxd1 Bc5 26. b3 cxb3 27. Bxb3
Ne5 28. Be6+ Kd8 29. Bg5+ Be7 30. Be3 Bf6 31. Nc3 1/2-1/2

[Event "World Rapid 2019"]
[Site "Moscow RUS"]
[Date "2019.12.28"]
[Round "14.16"]
[White "Turov, Maxim"]
[Black "Salem, A.R. Saleh"]
[Result "1/2-1/2"]
[WhiteTitle "GM"]
[BlackTitle "GM"]
[WhiteElo "2574"]
[BlackElo "2675"]
[WhiteFideId "4120086"]
[BlackFideId "9301348"]
[EventDate "2019.12.26"]

1. d4 Nf6 2. Nf3 g6 3. g3 Bg7 4. Bg2 d5 5. O-O O-O 6. c4 dxc4 7. Na3 c3 8. bxc3
c5 9. Qb3 Nc6 10. Rd1 Na5 11. Qb2 Bf5 12. Ne5 Nd7 13. Nec4 Nxc4 14. Nxc4 cxd4
15. cxd4 Be6 16. Ne3 Nb6 17. a4 Rc8 18. a5 Nc4 19. Qxb7 Bxd4 20. Rb1 Nd6 21. Qa6
Bc5 22. Nd5 Bf5 23. Bg5 f6 24. Bh6 Bxb1 25. Bxf8 Kxf8 26. Rxb1 Rb8 27. Rc1 Qc8
28. Qxc8+ Rxc8 29. e3 g5 30. h4 Kf7 31. hxg5 fxg5 32. Rd1 Ba3 33. Rd3 Rc1+ 34.
Kh2 Bc5 35. Rc3 Rxc3 36. Nxc3 Bb4 37. Ne4 Nxe4 1/2-1/2

[Event "World Rapid 2019"]
[Site "Moscow RUS"]
[Date "2019.12.28"]
[Round "14.17"]
[White "Sargissian, Gabriel"]
[Black "Antipov, Mikhail Al."]
[Result "0-1"]
[WhiteTitle "GM"]
[BlackTitle "GM"]
[WhiteElo "2689"]
[BlackElo "2549"]
[WhiteFideId "13300881"]
[BlackFideId "4107012"]
[EventDate "2019.12.26"]

1. d4 Nf6 2. c4 g6 3. Nc3 d5 4. Nf3 Bg7 5. h4 dxc4 6. e4 c5 7. d5 b5 8. h5 O-O
9. hxg6 fxg6 10. Rh4 Ng4 11. Nxb5 Qa5+ 12. Nc3 h5 13. d6 e6 14. Bd2 Qb6 15. e5
Nc6 16. Na4 Qd8 17. Bg5 Qa5+ 18. Bd2 Qd8 19. Bg5 Qa5+ 20. Bd2 Qb5 21. Nc3 Qb7
22. Bxc4 Ncxe5 23. Be2 Qf7 24. Qc2 Bb7 25. O-O-O c4 26. Nxe5 Nxe5 27. f4 Nd3+
28. Bxd3 cxd3 29. Qxd3 Rab8 30. Be3 Bxg2 31. Bd4 Bxd4 32. Qxd4 Qf5 33. Rg1 Bf3
34. Rg3 Bc6 35. Rg5 Qf6 36. Qxf6 Rxf6 37. Rhxh5 Rd8 38. Rh4 Rxd6 39. Ra5 Rd7 40.
Rc5 Bb7 41. a3 Rdf7 42. Rc4 Kg7 43. b4 Bf3 44. Kb2 Rf5 45. a4 e5 46. fxe5 g5 47.
Rhd4 Rxe5 48. b5 Kf6 49. Ne4+ Bxe4 50. Rxe4 Rxe4 51. Rxe4 Rh7 52. Kc2 Kf5 53.
Rb4 g4 54. Kd2 Re7 55. b6 axb6 56. Rxb6 g3 57. Rb1 Kg4 58. Ra1 g2 59. Kc3 Re4
60. a5 Kf3 61. a6 Re6 62. a7 Re8 63. Kd4 Ra8 64. Ra3+ Kf4 0-1

[Event "World Rapid 2019"]
[Site "Moscow RUS"]
[Date "2019.12.28"]
[Round "14.18"]
[White "Melkumyan, Hrant"]
[Black "Safarli, Eltaj"]
[Result "1-0"]
[WhiteTitle "GM"]
[BlackTitle "GM"]
[WhiteElo "2668"]
[BlackElo "2601"]
[WhiteFideId "13302485"]
[BlackFideId "13402129"]
[EventDate "2019.12.26"]

1. d4 Nf6 2. c4 b6 3. Nc3 Bb7 4. Qc2 d5 5. cxd5 Nxd5 6. e4 Nxc3 7. bxc3 g6 8.
Nf3 Bg7 9. Bb5+ Nd7 10. O-O O-O 11. Rd1 a6 12. Bd3 c5 13. Bg5 Re8 14. Qe2 Qc7
15. Bh4 e5 16. d5 b5 17. a4 c4 18. Bc2 Nc5 19. Rdb1 Qd7 20. Nd2 Bf8 21. f3 Reb8
22. Bf2 Bc8 23. Be3 Nb7 24. Qf2 Nd6 25. h3 f6 26. Kh2 Qe8 27. axb5 axb5 28. Ba7
Rb7 29. Bc5 Bd7 30. Qg1 Rbb8 31. Ba7 Rc8 32. Ra6 Rc7 33. Rba1 Bc8 34. R6a5 Nb7
35. R5a2 Bd7 36. Bb6 Rxa2 37. Rxa2 Bc5 38. Bxc5 Nxc5 39. Qa1 Rc8 40. Ra7 Qd8 41.
Nf1 Qb6 42. Ne3 Nb3 43. Bxb3 cxb3 44. Nd1 Be8 45. Ra6 Qc5 46. Rxf6 Kg7 47. Qa6
Rc7 48. Re6 Ra7 49. Qb6 Qxb6 50. Rxb6 Ra1 51. Nb2 Ra2 52. Nd3 Rd2 53. Rb7+ Kf6
54. Rb6+ Kg5 55. f4+ Kh6 56. Nxe5 b2 57. Rb7 g5 58. Ng4+ Kh5 59. f5 Kh4 60.
Rxh7+ Bh5 61. Nf6 1-0

[Event "World Rapid 2019"]
[Site "Moscow RUS"]
[Date "2019.12.28"]
[Round "14.19"]
[White "Grachev, Boris"]
[Black "Motylev, Alexander"]
[Result "1/2-1/2"]
[WhiteTitle "GM"]
[BlackTitle "GM"]
[WhiteElo "2614"]
[BlackElo "2640"]
[WhiteFideId "4129199"]
[BlackFideId "4121830"]
[EventDate "2019.12.26"]

1. Nf3 d5 2. d4 Nf6 3. Bf4 c5 4. e3 Nc6 5. Nbd2 cxd4 6. exd4 Bf5 7. c3 h6 8. Be2
e6 9. Qb3 Qc8 10. O-O Be7 11. a4 O-O 12. Rfe1 Nh5 13. Be3 Nf6 14. Bf4 Nh5 15.
Be3 Nf6 16. Bf4 1/2-1/2

[Event "World Rapid 2019"]
[Site "Moscow RUS"]
[Date "2019.12.28"]
[Round "14.20"]
[White "Fridman, Daniel"]
[Black "Zubov, Alexander"]
[Result "1/2-1/2"]
[WhiteTitle "GM"]
[BlackTitle "GM"]
[WhiteElo "2616"]
[BlackElo "2601"]
[WhiteFideId "11600454"]
[BlackFideId "14109409"]
[EventDate "2019.12.26"]

1. d4 d5 2. Nf3 Nf6 3. c4 dxc4 4. e3 e6 5. Bxc4 a6 6. O-O b5 7. Bd3 c5 8. Qe2
cxd4 9. Nxd4 Bb7 10. Rd1 Nbd7 11. b3 Bd6 12. Bb2 Qb8 13. h3 O-O 14. Nd2 g6 15.
Rac1 Rc8 16. Rxc8+ Qxc8 17. Rc1 Qe8 18. N4f3 Qe7 19. a4 bxa4 20. bxa4 e5 21. e4
Nc5 22. Nc4 Nxd3 23. Qxd3 Nxe4 24. Nxd6 Qxd6 25. Qxd6 Nxd6 26. Nxe5 Ne8 27. Rd1
f6 28. Ng4 Bc6 29. a5 f5 30. Rc1 Bb5 31. Nh6+ Kf8 32. g4 fxg4 33. hxg4 Rd8 34.
Ba3+ Kg7 35. g5 Rd3 36. Bb2+ Kf8 37. Re1 Bd7 38. f4 Nd6 39. Bf6 Nf5 40. Nxf5
Bxf5 1/2-1/2

[Event "World Rapid 2019"]
[Site "Moscow RUS"]
[Date "2019.12.28"]
[Round "14.21"]
[White "Ponkratov, Pavel"]
[Black "Adhiban, Baskaran"]
[Result "1-0"]
[WhiteTitle "GM"]
[BlackTitle "GM"]
[WhiteElo "2632"]
[BlackElo "2654"]
[WhiteFideId "4157800"]
[BlackFideId "5018471"]
[EventDate "2019.12.26"]

1. e4 e5 2. Nf3 Nc6 3. d4 exd4 4. Nxd4 Nf6 5. Nxc6 bxc6 6. e5 Qe7 7. Qe2 Nd5 8.
h4 Qe6 9. Nd2 a5 10. Qe4 Nb4 11. Kd1 d5 12. exd6 Bxd6 13. c3 Nd5 14. Bd3 Qxe4
15. Nxe4 Be7 16. Kc2 h6 17. Bd2 O-O 18. Rae1 Be6 19. Ng3 Bc5 20. Re2 Nf6 21. b3
Rfd8 22. Bf5 Bd5 23. Ne4 Nxe4 24. Bxe4 Bxe4+ 25. Rxe4 Bxf2 26. Rf1 Bc5 27. Rg4
Kf8 28. Rgf4 Rd7 29. Re1 Rd5 30. Rc4 Rad8 31. Re2 Re8 32. Rxe8+ Kxe8 33. b4 Bd6
34. Re4+ Kd7 35. c4 Rf5 36. bxa5 Rf2 37. a6 Bc5 38. g4 Rf3 39. Rf4 Rxf4 40. Bxf4
Kc8 41. Kd3 Kb8 42. Be5 Bf8 43. Bd4 c5 44. Be5 Ka7 45. Bxc7 Kxa6 46. Ke4 Kb7 47.
Be5 Kc6 48. h5 g6 49. Bf4 Bg7 50. a4 Bf8 51. Be5 Be7 52. Bg7 Bg5 53. Ke5 Kb6 54.
Kd6 Be3 55. Bc3 gxh5 56. gxh5 f5 57. Ke5 f4 58. Ke4 Bc1 59. Kf3 Be3 60. Bg7 Ka5
61. Bxh6 Kxa4 62. Bg7 1-0

[Event "World Rapid 2019"]
[Site "Moscow RUS"]
[Date "2019.12.28"]
[Round "14.22"]
[White "Alekseev, Evgeny"]
[Black "Rakhmanov, Aleksandr"]
[Result "1-0"]
[WhiteTitle "GM"]
[BlackTitle "GM"]
[WhiteElo "2620"]
[BlackElo "2645"]
[WhiteFideId "4138147"]
[BlackFideId "4173708"]
[EventDate "2019.12.26"]

1. c4 e6 2. Nf3 d5 3. e3 g6 4. d4 Bg7 5. b4 Ne7 6. Bb2 O-O 7. Nbd2 a5 8. b5 c5
9. bxc6 Nbxc6 10. Be2 dxc4 11. Bxc4 a4 12. Rb1 Nd5 13. O-O Qa5 14. Ba1 Nc3 15.
Bxc3 Qxc3 16. Qc1 Qa5 17. Rb5 Qd8 18. Be2 Na7 19. Rb1 b5 20. Ne4 Bd7 21. Qc5 Re8
22. Ne5 Bf8 23. Qc2 Rc8 24. Qb2 Be7 25. Nxd7 Qxd7 26. Bxb5 Nxb5 27. Qxb5 Qxb5
28. Rxb5 Rc2 29. Ra1 Rec8 30. g4 a3 31. Rb7 Kf8 32. g5 Rb2 33. Ra7 Rcc2 34. h4
Rc8 35. Kg2 Rbc2 36. Kf3 R2c7 37. Rxc7 Rxc7 38. Re1 Kg7 39. Re2 h6 40. Kf4 hxg5+
41. hxg5 Rc1 42. Kg4 Rg1+ 43. Ng3 Bb4 44. Rc2 Kf8 45. Kf3 Be7 46. Kg4 Bb4 47.
Rc8+ Kg7 48. Kf3 Ra1 49. Rc2 Rg1 50. Ne4 Be7 51. Rc7 Bf8 52. Nc5 Kg8 53. Nd7 Be7
54. Nf6+ Bxf6 55. gxf6 Ra1 56. Rc2 Kh7 57. Kf4 Kh6 58. Ke5 g5 59. e4 Kg6 60. f3
Rb1 61. Rc3 Rb5+ 62. d5 exd5 63. exd5 Ra5 64. Rd3 Ra8 65. d6 Re8+ 66. Kd5 Kxf6
67. d7 Ra8 68. Kc6 1-0

[Event "World Rapid 2019"]
[Site "Moscow RUS"]
[Date "2019.12.28"]
[Round "14.23"]
[White "Ganguly, Surya Shekhar"]
[Black "Shirov, Alexei"]
[Result "1-0"]
[WhiteTitle "GM"]
[BlackTitle "GM"]
[WhiteElo "2633"]
[BlackElo "2684"]
[WhiteFideId "5002150"]
[BlackFideId "2209390"]
[EventDate "2019.12.26"]

1. e4 e5 2. Nf3 Nc6 3. Bc4 Bc5 4. c3 Nf6 5. d3 O-O 6. O-O d5 7. exd5 Nxd5 8. Re1
Bg4 9. h3 Bh5 10. b4 Bb6 11. b5 Na5 12. Rxe5 Nxc4 13. Rxh5 Nf6 14. Rh4 Nd6 15.
d4 a6 16. bxa6 Rxa6 17. Qd3 Re8 18. Nbd2 c5 19. Bb2 h6 20. c4 cxd4 21. Bxd4 Bxd4
22. Rxd4 Qc7 23. Rd1 Nc8 24. Ne4 Nxe4 25. Rxe4 Rxe4 26. Qxe4 Re6 27. Qh4 Nd6 28.
Nd4 Rf6 29. Rc1 Nf5 30. Nxf5 Rxf5 31. Rd1 Rf4 32. Qd8+ Qxd8 33. Rxd8+ Kh7 34.
Rc8 Rd4 35. Rc7 b6 36. g4 f6 37. Kg2 Rd2 38. Rc6 Rxa2 39. Rxb6 Rc2 40. Rc6 h5
41. gxh5 Kh6 42. Rc5 Rc3 43. f3 f5 44. Kg3 Kg5 45. h4+ Kh6 46. Kf4 Kxh5 47. Kxf5
Kxh4 48. f4 Kh5 49. Rc8 g6+ 50. Ke5 Re3+ 51. Kd4 Rf3 52. Ke4 Rf1 53. c5 Kg4 54.
Rf8 Re1+ 55. Kd5 Rd1+ 56. Ke5 Re1+ 57. Kd6 Rd1+ 58. Kc7 Kf3 59. f5 1-0

[Event "World Rapid 2019"]
[Site "Moscow RUS"]
[Date "2019.12.28"]
[Round "14.24"]
[White "Wojtaszek, Radoslaw"]
[Black "Bartel, Mateusz"]
[Result "1/2-1/2"]
[WhiteTitle "GM"]
[BlackTitle "GM"]
[WhiteElo "2725"]
[BlackElo "2634"]
[WhiteFideId "1118358"]
[BlackFideId "1112635"]
[EventDate "2019.12.26"]

1. c4 e5 2. Nc3 Nc6 3. Nf3 Nf6 4. a3 d6 5. e3 g6 6. Qc2 Bg7 7. d3 O-O 8. Be2 Ng4
9. h3 Nh6 10. g4 f5 11. gxf5 gxf5 12. Bd2 Be6 13. O-O-O Kh8 14. Rdg1 Ne7 15. Ng5
Bg8 16. f4 Qd7 17. Rg3 c6 18. Rhg1 Bf6 19. Bf3 Ng6 20. Bh5 Nh4 21. Nf3 Nxf3 22.
Rxf3 Be6 23. e4 Rg8 24. Rgf1 Rg2 25. Qd1 Qg7 26. exf5 Bxf5 27. fxe5 Bg5 28. R3f2
Rxf2 29. Rxf2 dxe5 30. Rg2 Bxd2+ 31. Qxd2 Qf6 32. Qe3 Rg8 33. Rxg8+ Nxg8 34. Be2
Qh6 35. Qxh6 1/2-1/2

[Event "World Rapid 2019"]
[Site "Moscow RUS"]
[Date "2019.12.28"]
[Round "14.25"]
[White "Tomashevsky, Evgeny"]
[Black "Pashikian, Arman"]
[Result "1-0"]
[WhiteTitle "GM"]
[BlackTitle "GM"]
[WhiteElo "2705"]
[BlackElo "2605"]
[WhiteFideId "4147235"]
[BlackFideId "13301578"]
[EventDate "2019.12.26"]

1. c4 e5 2. g3 Nf6 3. Bg2 d5 4. cxd5 Nxd5 5. Nc3 Nb6 6. Nf3 Nc6 7. a3 Be7 8. b4
Be6 9. O-O O-O 10. Rb1 f6 11. d3 Nd4 12. Bd2 c6 13. Ne4 Nxf3+ 14. Bxf3 Bd5 15.
Bg2 Rf7 16. Qc2 Bf8 17. Rfc1 Qe8 18. a4 a6 19. Nc5 Bxg2 20. Kxg2 Rd8 21. Qb3
Bxc5 22. bxc5 Nc8 23. Rc4 Rdd7 24. Rb4 Kh8 25. Bc3 Qd8 26. Qe6 Rde7 27. Qf5 g6
28. Qf3 Kg7 29. h4 Qd5 30. Rc4 Qxf3+ 31. Kxf3 Rd7 32. Rcb4 h5 33. d4 exd4 34.
Rxd4 Rxd4 35. Bxd4 Rd7 36. Rb4 Ne7 37. e4 Kf7 38. Ke3 Ke6 39. Rb1 Ng8 40. f3 Nh6
41. Bc3 Nf7 42. Rg1 Ne5 43. Bxe5 Kxe5 44. g4 hxg4 45. Rxg4 f5 46. Rxg6 f4+ 47.
Ke2 Rd4 48. Rg5+ Ke6 49. Rf5 Rxa4 50. Rxf4 a5 51. Rf8 Rc4 52. Rb8 Rb4 53. Ra8
Rb5 54. Ra7 Ke5 55. h5 Rb2+ 56. Kd3 Rb3+ 57. Kc4 Rxf3 58. Rxb7 Rh3 59. Re7+ Kf4
60. Re6 a4 61. h6 a3 62. Rxc6 Kxe4 63. Ra6 Ke5 64. h7 Rxh7 65. Rxa3 Ke6 66. Rd3
Rd7 67. Re3+ 1-0

[Event "World Rapid 2019"]
[Site "Moscow RUS"]
[Date "2019.12.28"]
[Round "14.26"]
[White "Sanal, Vahap"]
[Black "Jobava, Baadur"]
[Result "0-1"]
[WhiteTitle "GM"]
[BlackTitle "GM"]
[WhiteElo "2549"]
[BlackElo "2604"]
[WhiteFideId "6300545"]
[BlackFideId "13601520"]
[EventDate "2019.12.26"]

1. e4 e5 2. Nf3 Nf6 3. Nxe5 d6 4. Nf3 Nxe4 5. Nc3 Nxc3 6. dxc3 Be7 7. Be3 O-O 8.
Qd2 Nc6 9. O-O-O Bf5 10. h4 Qd7 11. h5 Rfe8 12. Nd4 Nxd4 13. cxd4 Bf6 14. Bd3
Re7 15. h6 Bxd3 16. Qxd3 g6 17. d5 Qa4 18. Kb1 Rae8 19. Qb3 Qg4 20. Qxb7 c5 21.
Qb5 Qxg2 22. c3 Bg5 23. Bxg5 Qxg5 24. Qc6 Qf4 25. Ka1 Re2 26. a3 a5 27. Rb1 a4
28. Rh3 Kf8 29. Qc7 Rxf2 30. c4 Rxb2 31. Kxb2 Re2+ 0-1

[Event "World Rapid 2019"]
[Site "Moscow RUS"]
[Date "2019.12.28"]
[Round "14.27"]
[White "Inarkiev, Ernesto"]
[Black "Nihal, Sarin"]
[Result "1-0"]
[WhiteTitle "GM"]
[BlackTitle "GM"]
[WhiteElo "2663"]
[BlackElo "2612"]
[WhiteFideId "4162722"]
[BlackFideId "25092340"]
[EventDate "2019.12.26"]

1. e4 c5 2. Nf3 e6 3. d4 cxd4 4. Nxd4 Nc6 5. Nc3 Qc7 6. Be3 a6 7. Qf3 Bd6 8.
O-O-O Be5 9. Nxc6 bxc6 10. Bd4 Nf6 11. Bxe5 Qxe5 12. Qg3 Qxg3 13. hxg3 e5 14.
Be2 Ke7 15. g4 g5 16. Rh6 Rg8 17. f3 Rg6 18. Rxg6 fxg6 19. Na4 Rb8 20. c4 d6 21.
c5 d5 22. Nb6 dxe4 23. Nxc8+ Rxc8 24. Bxa6 exf3 25. Bxc8 1-0